000 00867cam a2200241Ii 4500
001 4739209
003 ARRUPE
005 20140320143251.0
008 771109s1909 enkbcfh b 001 0aeng d
035 _a(OCoLC)ocm03405572
035 _a(NNC)4739209
040 _aIAY
_cIAY
_dOCL
_dOCLCQ
098 _aEk
100 1 _aStanley, Henry M.
_q(Henry Morton),
_d1841-1904.
_99205
245 1 4 _aThe autobiography of Sir Henry Morton Stanley, G.C.B. /
_cedited by his wife, Dorothy Stanley.
260 _aLondon :
_bSampson Low, Marston,
_c1909.
300 _axvii, 551 p., [4] leaves of plates :
_bfacsim., map, ports. ;
_c25 cm.
504 _aIncludes bibliographical references (p. [541]) and index.
600 1 0 _aStanley, Henry M.
_q(Henry Morton),
_d1841-1904.
_99206
700 1 _aStanley, Dorothy,
_cLady,
_d-1926.
_99207
942 _2lcc
_cREFERENCE
999 _c120237
_d120237